000 01054cam a22002891 4500
001 gs 37000086
003 DLC
005 20260227111341.0
008 790406s1936 lau 000 0 eng c
010 _ags 37000086
035 _a(OCoLC)4828511
040 _aU.S. Geol. survey. Library
_cLU
_dDLC
042 _apremarc
043 _an-us-la
050 0 0 _aTN224.L8
_bA4 1936
110 1 _aLouisiana.
245 1 4 _aThe conservation laws in relation to minerals,
_bRevised, including amendments enacted at the regular session of 1936.
260 _aNew Orleans, La.,
_bDepartment of conservation,
_c1936.
300 _avii p. 1 l., 7-115, [1] p.
_c16 cm.
500 _aAt head of title: State of Louisiana.
500 _a"Edited and indexed by N. E. Simoneaux and C. K. Moresi."--p. iii.
650 0 _aMining law
_zLouisiana.
650 0 _aMines and mineral resources
_zLouisiana.
700 1 _aSimoneaux, Nicole Emile,
_d1894-
_eeditor.
700 1 _aMoresi, Cyril Killian,
_ejoint editor.
710 1 _aLouisiana.
_bDepartment of Conservation.
999 _c27339
_d27339